| 000 | 00588nam a2200217 i 4500 | ||
|---|---|---|---|
| 001 | bgj | ||
| 100 | 1 | _aCLARK, Stewart | |
| 245 | 1 | 0 |
_aWord for Word / _cStewart Clark, Graham Pointon. |
| 260 |
_aOxford : _bOxford University Press, _c2003. |
||
| 300 |
_aVI, 250 pp : _bill. ; _c24 cm. |
||
| 505 | _aIncludes index. | ||
| 650 | 9 |
_aEnglish language _xVocabulary |
|
| 655 | _aDictionaries | ||
| 700 | 1 |
_aPOINTON, Graham. _eco-author |
|
| 020 | _a0194327558 | ||
| 040 | _cBPK | ||
| 041 | 0 | _aeng | |
| 920 | _a0-19-432755-8 | ||
| 942 | _cKS | ||
| 008 | s uk f |000 0 eng | ||
| 999 |
_c49091 _d49091 |
||
| 856 |
_uhttp://koha.tu.koszalin.pl/cgi-bin/koha/opac-detail.pl?biblionumber=49091 _yKatalog online BPK |
||